000 00803nam a2200253 i 4500
001 bgj
100 1 _aWILLIAMS, Raymond
245 1 0 _aKeywords :
_ba vocabulary of culture and society /
_cRaymond Williams.
250 _a[Revised and expanded edition].
260 _aLondon :
_bFontana Press,
_c1988.
300 _a341 pp ;
_c20 cm.
500 _aRevised and expanded edition first published in Flamingo 1983.
650 9 _aEnglish language
_xEtymology
650 9 _aEnglish language
_xGlossaries, vocabularies etc.
650 9 _aSociolinguistics
650 9 _aCulture
_xTerminology
650 9 _aSocial structure
_xTerminology
020 _a0006861504 (pbk)
040 _cBPK
041 0 _aeng
920 _a0-00-686150-4 (pbk)
942 _cKS
008 s uk f |000 0 eng
999 _c50160
_d50160
856 _uhttp://koha.tu.koszalin.pl/cgi-bin/koha/opac-detail.pl?biblionumber=50160
_yKatalog online BPK